[Event "Dortmund Sparkassen op-B 47th"]
[Site "Dortmund"]
[Date "2019.07.20"]
[Round "8"]
[White "Wiese, Thomas"]
[Black "Biessner, Eberhard"]
[Result "1-0"]
[WhiteElo "1857"]
[BlackElo "1685"]
[PlyCount "83"]
[EventDate "2019.07.13"]
[EventType "swiss"]
[EventRounds "9"]
[EventCountry "GER"]
[SourceTitle "CBM 192 Extra"]
[Source "Chessbase"]
[SourceDate "2019.11.06"]
[SourceVersion "1"]
[SourceVersionDate "2019.11.06"]
[SourceQuality "1"]

1. d4 Nf6 2. c4 e6 3. Nc3 Bb4 4. f3 Nc6 5. e4 d6 6. Be3 e5 7. a3 exd4 8. axb4 dxe3 9. b5 Ne5 10. Qd4 Ng6 11. Qxe3 b6 12. g3 Be6 13. b3 0-0 14. Bg2 Bc8 15. Nge2 Bb7 16. 0-0 Re8 17. Qd4 Nd7 18. b4 Ngf8 19. f4 Nf6 20. Rfd1 Qe7 21. e5 dxe5 22. fxe5 Ne6 23. Qh4 g5 24. exf6 Qxb4 25. Qg4 Qc5+ 26. Kf1 Bxg2+ 27. Kxg2 c6 28. Kh3 cxb5 29. cxb5 Rad8 30. Rxd8 Rxd8 31. Rxa7 Qf2 32. Ra1 Qxf6 33. Qe4 h5 34. Kg2 Re8 35. Ra8 Rxa8 36. Qxa8+ Kg7 37. Qf3 Qe5 38. Qd5 Qe3 39. Qe4 Qc5 40. Nd5 Qxb5 41. Qe5+ Kf8 42. Qh8# 1-0

[Event "Dortmund Sparkassen op-B 47th"]
[Site "Dortmund"]
[Date "2019.07.19"]
[Round "7"]
[White "Krug, Michael"]
[Black "Wiese, Thomas"]
[Result "1/2-1/2"]
[WhiteElo "1657"]
[BlackElo "1857"]
[PlyCount "96"]
[EventDate "2019.07.13"]
[EventType "swiss"]
[EventRounds "9"]
[EventCountry "GER"]
[SourceTitle "CBM 192 Extra"]
[Source "Chessbase"]
[SourceDate "2019.11.06"]
[SourceVersion "1"]
[SourceVersionDate "2019.11.06"]
[SourceQuality "1"]

1. d4 d5 2. c4 c6 3. cxd5 cxd5 4. Bf4 Nc6 5. Nc3 Nf6 6. e3 Bf5 7. Qb3 Qd7 8. Bb5 a6 9. Bxc6 Qxc6 10. Nf3 e6 11. Ne5 Qc8 12. Rc1 b5 13. 0-0 Qb7 14. h3 Be7 15. Na4 h6 16. Nc5 Bxc5 17. dxc5 0-0 18. Qc3 Ne4 19. Qa5 b4 20. c6 Qb5 21. Qxb5 axb5 22. Nd7 f6 23. g4 Bg6 24. Nxf8 Kxf8 25. c7 Rc8 26. f3 Nd2 27. Bd6+ Ke8 28. Rf2 Nc4 29. Bxb4 Nxe3 30. Bd2 Nc4 31. f4 Be4 32. b3 Nb2 33. Re2 Nd3 34. Rc3 Kd7 35. Re3 d4 36. Rcxd3 Bxd3 37. Rxd3 e5 38. fxe5 fxe5 39. Kf2 Rxc7 40. Kf3 Ke6 41. Ke4 Ra7 42. Bb4 Rxa2 43. Rd2 Ra1 44. Bf8 Re1+ 45. Kd3 Re3+ 46. Kc2 Rxh3 47. Bxg7 Rg3 48. Bxh6 Rxg4 1/2-1/2

[Event "Dortmund Sparkassen op-B 47th"]
[Site "Dortmund"]
[Date "2019.07.18"]
[Round "6"]
[White "Wiese, Thomas"]
[Black "Klaska, Philipp Leon"]
[Result "1/2-1/2"]
[WhiteElo "1857"]
[BlackElo "1609"]
[PlyCount "41"]
[EventDate "2019.07.13"]
[EventType "swiss"]
[EventRounds "9"]
[EventCountry "GER"]
[SourceTitle "CBM 192 Extra"]
[Source "Chessbase"]
[SourceDate "2019.11.06"]
[SourceVersion "1"]
[SourceVersionDate "2019.11.06"]
[SourceQuality "1"]

1. e4 d6 2. d4 Nf6 3. Nc3 g6 4. f4 Bg7 5. Nf3 c6 6. Bd3 Na6 7. e5 dxe5 8. fxe5 Nd5 9. Nxd5 cxd5 10. c3 0-0 11. 0-0 Nc7 12. Be3 Bd7 13. Qd2 Bb5 14. Bxb5 Nxb5 15. Bh6 Nc7 16. Bxg7 Kxg7 17. Ng5 f6 18. exf6+ exf6 19. Nh3 Ne6 20. Rae1 Qd7 21. Re3 1/2-1/2

[Event "Dortmund Sparkassen op-B 47th"]
[Site "Dortmund"]
[Date "2019.07.16"]
[Round "4"]
[White "Wiese, Thomas"]
[Black "Jaeger, Niklas"]
[Result "1/2-1/2"]
[WhiteElo "1857"]
[BlackElo "1585"]
[PlyCount "38"]
[EventDate "2019.07.13"]
[EventType "swiss"]
[EventRounds "9"]
[EventCountry "GER"]
[SourceTitle "CBM 192 Extra"]
[Source "Chessbase"]
[SourceDate "2019.11.06"]
[SourceVersion "1"]
[SourceVersionDate "2019.11.06"]
[SourceQuality "1"]

1. e4 Nc6 2. Nf3 f5 3. d4 fxe4 4. d5 exf3 5. dxc6 fxg2 6. cxd7+ Qxd7 7. Qxd7+ Bxd7 8. Bxg2 0-0-0 9. Be3 a6 10. Nd2 g6 11. Bd4 Nf6 12. Ne4 Bg7 13. Nc5 c6 14. Nxd7 Kxd7 15. Bb6 Rde8 16. Bh3+ e6 17. 0-0-0+ Ke7 18. Rhe1 Kf7 19. c4 g5 1/2-1/2

[Event "Ruhrgebiet Verbandsbezirksliga Gr 1"]
[Site "Ruhrgebiet"]
[Date "2019.05.19"]
[Round "9.1"]
[White "Bauch, Olaf"]
[Black "Wiese, Thomas"]
[Result "1/2-1/2"]
[WhiteElo "1910"]
[BlackElo "1822"]
[PlyCount "36"]
[EventDate "2018.09.30"]
[EventType "team-tourn"]
[EventRounds "9"]
[EventCountry "GER"]
[SourceTitle "EXT 2022"]
[Source "ChessBase"]
[SourceDate "2021.10.06"]
[SourceVersion "1"]
[SourceVersionDate "2021.10.06"]
[SourceQuality "1"]
[WhiteTeam "Luenen Horstmar SC"]
[BlackTeam "Kamen SV III"]
[WhiteTeamCountry "GER"]
[BlackTeamCountry "GER"]

1. e4 c5 2. Nf3 Nc6 3. Bb5 g6 4. 0-0 Bg7 5. c3 Nf6 6. Re1 0-0 7. Na3 a6 8. Bf1 b5 9. Nc2 Bb7 10. d4 cxd4 11. cxd4 d5 12. e5 Ne4 13. Ng5 Nxg5 14. Bxg5 f6 15. exf6 exf6 16. Bd2 f5 17. Bc3 Qb6 18. b4 Rae8 1/2-1/2

[Event "Ruhrgebiet Verbandsbezirksliga Gr 1"]
[Site "Ruhrgebiet"]
[Date "2019.01.27"]
[Round "5.1"]
[White "Wiese, Thomas"]
[Black "Preikschas, Norbert"]
[Result "1-0"]
[WhiteElo "1814"]
[BlackElo "1752"]
[PlyCount "37"]
[EventDate "2018.09.30"]
[EventType "team-tourn"]
[EventRounds "9"]
[EventCountry "GER"]
[SourceTitle "EXT 2022"]
[Source "ChessBase"]
[SourceDate "2021.10.06"]
[SourceVersion "1"]
[SourceVersionDate "2021.10.06"]
[SourceQuality "1"]
[WhiteTeam "Kamen SV III"]
[BlackTeam "Hamm Koenigsspringer II"]
[WhiteTeamCountry "GER"]
[BlackTeamCountry "GER"]

1. e4 e5 2. Nf3 d6 3. c3 Nf6 4. d3 Be7 5. Be2 0-0 6. Nbd2 Nc6 7. 0-0 d5 8. Qc2 Re8 9. Re1 a5 10. a4 Bc5 11. h3 Be6 12. Nf1 Qd7 13. Bg5 Nh5 14. N3h2 Nf6 15. Bxf6 gxf6 16. Ng4 Qe7 17. Qd2 f5 18. exf5 Bxf5 19. Nh6+ 1-0

[Event "Ruhrgebiet Verbandsbezirksliga Gr 1"]
[Site "Ruhrgebiet"]
[Date "2018.09.30"]
[Round "1.1"]
[White "Wiese, Thomas"]
[Black "Medger, Gernot"]
[Result "1/2-1/2"]
[WhiteElo "1841"]
[BlackElo "1813"]
[PlyCount "28"]
[EventDate "2018.09.30"]
[EventType "team-tourn"]
[EventRounds "9"]
[EventCountry "GER"]
[SourceTitle "EXT 2022"]
[Source "ChessBase"]
[SourceDate "2021.10.06"]
[SourceVersion "1"]
[SourceVersionDate "2021.10.06"]
[SourceQuality "1"]
[WhiteTeam "Kamen SV III"]
[BlackTeam "Boenen SV II"]
[WhiteTeamCountry "GER"]
[BlackTeamCountry "GER"]

1. Nf3 d6 2. d4 Nf6 3. c4 Nbd7 4. Nc3 e5 5. e4 Be7 6. Be2 0-0 7. 0-0 c6 8. Qc2 Qc7 9. h3 a6 10. Be3 b6 11. Rad1 Bb7 12. d5 cxd5 13. cxd5 Rfc8 14. Qb1 b5 1/2-1/2

[Event "Ruhrgebiet Bezirksliga 17/18"]
[Site "Ruhrgebiet"]
[Date "2018.02.18"]
[Round "7.3"]
[White "Solberg, Kirsten"]
[Black "Wiese, Thomas"]
[Result "0-1"]
[WhiteElo "1878"]
[BlackElo "1790"]
[PlyCount "98"]
[EventDate "2017.09.03"]
[EventType "team-tourn"]
[EventRounds "9"]
[EventCountry "GER"]
[SourceTitle "EXT 2022"]
[Source "ChessBase"]
[SourceDate "2021.10.06"]
[SourceVersion "1"]
[SourceVersionDate "2021.10.06"]
[SourceQuality "1"]
[WhiteTeam "Unna SV"]
[BlackTeam "Kamen SV III"]
[WhiteTeamCountry "GER"]
[BlackTeamCountry "GER"]

1. e4 c5 2. Nf3 d6 3. d4 cxd4 4. Nxd4 Nf6 5. Nc3 Nc6 6. Be2 e5 7. Nb3 Be7 8. Be3 Be6 9. Bf3 0-0 10. Nd5 Bxd5 11. exd5 Na5 12. Nxa5 Qxa5+ 13. Bd2 Qb5 14. b3 Qd7 15. c4 Qf5 16. 0-0 Qg6 17. Re1 h6 18. Qb1 Qxb1 19. Raxb1 Nd7 20. g3 Rac8 21. Bg2 Bd8 22. Bf1 Bb6 23. Bh3 f5 24. g4 fxg4 25. Bxg4 Bxf2+ 26. Kg2 Bxe1 27. Rxe1 Rc7 28. Bb4 Nc5 29. Re2 Rf6 30. Ba5 b6 31. Bd2 a5 32. Be3 Rb7 33. h4 Nd3 34. Kh2 Nf4 35. Re1 g6 36. Rg1 Kf8 37. a3 Ke8 38. Rd1 Kd8 39. b4 axb4 40. axb4 Kc7 41. Rd2 h5 42. Bd1 Ra7 43. c5 bxc5 44. bxc5 Ra3 45. Bf2 Rd3 46. Rc2 Rxd1 47. cxd6+ Kd7 48. Rc7+ Kd8 49. Rb7 Nxd5 0-1

[Event "Ruhrgebiet Bezirksliga 16/17"]
[Site "Ruhrgebiet"]
[Date "2017.04.23"]
[Round "11.3"]
[White "Huegel, Guido"]
[Black "Wiese, Thomas"]
[Result "1/2-1/2"]
[WhiteElo "1796"]
[BlackElo "1807"]
[PlyCount "50"]
[EventDate "2016.08.28"]
[EventType "team-tourn"]
[EventRounds "11"]
[EventCountry "GER"]
[SourceTitle "EXT 2022"]
[Source "ChessBase"]
[SourceDate "2021.10.06"]
[SourceVersion "1"]
[SourceVersionDate "2021.10.06"]
[SourceQuality "1"]
[WhiteTeam "Werl SC 1981"]
[BlackTeam "Kamen SV III"]
[WhiteTeamCountry "GER"]
[BlackTeamCountry "GER"]

1. e4 e6 2. d4 d5 3. exd5 exd5 4. Bf4 Bf5 5. Bd3 Bxd3 6. Qxd3 Nc6 7. c3 Bd6 8. Bxd6 Qxd6 9. Ne2 Nf6 10. Nd2 0-0 11. 0-0 Rfe8 12. Ng3 Qf4 13. Rad1 g6 14. Qf3 Qxf3 15. Nxf3 Ne4 16. Rfe1 Nxg3 17. hxg3 f6 18. Kf1 Kf7 19. Rd2 Rxe1+ 20. Kxe1 h5 21. Re2 Ne7 22. Kd2 Nf5 23. Kd3 Nd6 24. Nd2 Rd8 25. Re1 Nf5 1/2-1/2

[Event "Ruhrgebiet Bezirksliga 16/17"]
[Site "Ruhrgebiet"]
[Date "2016.08.28"]
[Round "1.3"]
[White "Wiese, Thomas"]
[Black "Titschert, Julian"]
[Result "1-0"]
[WhiteElo "1761"]
[BlackElo "1827"]
[PlyCount "39"]
[EventDate "2016.08.28"]
[EventType "team-tourn"]
[EventRounds "11"]
[EventCountry "GER"]
[SourceTitle "EXT 2022"]
[Source "ChessBase"]
[SourceDate "2021.10.06"]
[SourceVersion "1"]
[SourceVersionDate "2021.10.06"]
[SourceQuality "1"]
[WhiteTeam "Kamen SV III"]
[BlackTeam "Luenen Horstmar SC"]
[WhiteTeamCountry "GER"]
[BlackTeamCountry "GER"]

1. e4 e5 2. f4 exf4 3. Nf3 d5 4. exd5 Nf6 5. Nc3 Nxd5 6. Bc4 Be6 7. Qe2 Be7 8. 0-0 Nxc3 9. dxc3 0-0 10. Bxe6 fxe6 11. Qxe6+ Kh8 12. Ne5 Qe8 13. Kh1 Rf6 14. Qg4 Bd6 15. Bxf4 h5 16. Qg3 Rxf4 17. Ng6+ Kh7 18. Nxf4 Nc6 19. Rae1 Ne5 20. Nd3 1-0

[Event "Dortmund Sparkassen op-B 44th"]
[Site "Dortmund"]
[Date "2016.07.13"]
[Round "5"]
[White "Bashylina, Luisa"]
[Black "Wiese, Thomas"]
[Result "0-1"]
[WhiteElo "1548"]
[BlackElo "1792"]
[PlyCount "112"]
[EventDate "2016.07.09"]
[EventType "swiss"]
[EventRounds "9"]
[EventCountry "GER"]
[SourceTitle "CBM 173 Extra"]
[Source "ChessBase"]
[SourceDate "2016.08.29"]
[SourceVersion "1"]
[SourceVersionDate "2016.08.29"]
[SourceQuality "1"]

1. e4 d5 2. exd5 Qxd5 3. Nc3 Qd8 4. d4 Nf6 5. h3 e6 6. Nf3 Bd7 7. Bc4 Bc6 8. Be3 Nbd7 9. Qd2 Bb4 10. a3 Ne4 11. Qd3 Bxc3+ 12. bxc3 Nd6 13. Bb3 Bxf3 14. gxf3 Qf6 15. Qe2 c6 16. a4 Nf5 17. 0-0-0 Nxe3 18. fxe3 0-0-0 19. e4 Qg5+ 20. Kb2 Qa5 21. Ra1 Nb6 22. Qe3 Rd7 23. c4 Rhd8 24. Rhd1 c5 25. d5 Qb4 26. Qc3 Qxc3+ 27. Kxc3 a5 28. Rab1 f5 29. Rg1 Re8 30. Rbe1 exd5 31. exd5 Rde7 32. Rxe7 Rxe7 33. Kd2 Kd7 34. Rg5 Rf7 35. Ke3 Nc8 36. Kf4 Nd6 37. h4 Re7 38. Kg3 Ke8 39. Kf4 Kf7 40. Rg2 Kf6 41. Ba2 Re1 42. Bb3 g6 43. Ba2 h6 44. Bb3 Nf7 45. Rd2 g5+ 46. hxg5+ hxg5+ 47. Kg3 Nd6 48. Kf2 Re8 49. Kg3 Re3 50. Rd3 Re2 51. Kh3 f4 52. Kg4 Nf5 53. Rc3 Ne3+ 54. Kh3 Nf1 55. Kg4 Rg2+ 56. Kh5 Rh2+ 0-1

[Event "Ruhrgebiet Verbandsklasse Gruppe 1 1516"]
[Site "Germany"]
[Date "2016.02.21"]
[Round "7.4"]
[White "Wiese, Thomas"]
[Black "Isdepski, Marcus"]
[Result "1/2-1/2"]
[WhiteElo "1803"]
[BlackElo "1860"]
[PlyCount "62"]
[EventDate "2015.09.06"]
[EventType "team-tourn"]
[EventRounds "9"]
[EventCountry "GER"]
[SourceTitle "EXT 2022"]
[Source "ChessBase"]
[SourceDate "2021.10.06"]
[SourceVersion "1"]
[SourceVersionDate "2021.10.06"]
[SourceQuality "1"]
[WhiteTeam "Kamen SV II"]
[BlackTeam "Borbeck Weisse Dame II"]
[WhiteTeamCountry "GER"]
[BlackTeamCountry "GER"]

1. e3 e5 2. b3 Nf6 3. Bb2 d6 4. Nc3 Be7 5. Qe2 0-0 6. 0-0-0 d5 7. d4 e4 8. h3 c6 9. f4 b5 10. g4 a5 11. g5 Nfd7 12. h4 Nb6 13. h5 a4 14. g6 fxg6 15. h6 gxh6 16. Rxh6 axb3 17. axb3 Rf7 18. Qg2 Qf8 19. Rh2 Ba3 20. Bxa3 Qxa3+ 21. Kd2 Qd6 22. Nh3 Bf5 23. Ng5 Rc7 24. Qh1 b4 25. Rxh7 bxc3+ 26. Ke1 Raa7 27. Rh8+ Kg7 28. Rxb8 Nc8 29. Qh7+ Kf6 30. Qh8+ Ke7 31. Nh7 Kf7 1/2-1/2

[Event "Unna op"]
[Site "Unna"]
[Date "2015.12.29"]
[Round "5"]
[White "Wiese, Thomas"]
[Black "Sievert, Jan Thorwald"]
[Result "1/2-1/2"]
[WhiteElo "1805"]
[BlackElo "2062"]
[PlyCount "41"]
[EventDate "2015.12.27"]
[EventType "swiss"]
[EventRounds "7"]
[EventCountry "GER"]
[SourceTitle "EXT 2018"]
[Source "ChessBase"]
[SourceDate "2017.10.13"]
[SourceVersion "1"]
[SourceVersionDate "2017.10.13"]
[SourceQuality "1"]

1. e4 c5 2. Nf3 d6 3. d4 cxd4 4. Nxd4 Nf6 5. Nc3 a6 6. Be3 e5 7. Nb3 Be6 8. f3 Be7 9. Qd2 0-0 10. 0-0-0 a5 11. Bb5 Na6 12. Kb1 Nc7 13. Bb6 Qb8 14. Ba4 Rc8 15. g4 Ra6 16. Bxc7 Qxc7 17. Bb5 Raa8 18. g5 Nh5 19. Nc1 Qb6 20. Ba4 Rd8 21. Bb3 1/2-1/2

[Event "Ruhrgebiet Verbandsklasse Gruppe 1 1516"]
[Site "Germany"]
[Date "2015.09.20"]
[Round "2"]
[White "Zobiegala, Christoph"]
[Black "Wiese, Thomas"]
[Result "1/2-1/2"]
[WhiteElo "1894"]
[BlackElo "1805"]
[PlyCount "81"]
[EventDate "2015.09.06"]
[EventType "team-tourn"]
[EventRounds "9"]
[EventCountry "GER"]
[SourceTitle "EXT 2022"]
[Source "ChessBase"]
[SourceDate "2021.10.06"]
[SourceVersion "1"]
[SourceVersionDate "2021.10.06"]
[SourceQuality "1"]
[WhiteTeam "Sodingen/Castrop SK III"]
[BlackTeam "Kamen SV II"]
[WhiteTeamCountry "GER"]
[BlackTeamCountry "GER"]

1. e4 e6 2. Nf3 d5 3. e5 c5 4. b4 cxb4 5. a3 Nh6 6. axb4 Bxb4 7. c3 Be7 8. d4 Nf5 9. Bd3 Nc6 10. 0-0 0-0 11. Na3 f6 12. exf6 Bxf6 13. Re1 Nh4 14. Nxh4 Bxh4 15. g3 Bf6 16. Bf4 g6 17. Nb5 Bg5 18. Bxg5 Qxg5 19. Nc7 Rb8 20. Nxe6 Bxe6 21. Rxe6 a6 22. h4 Qd8 23. Qg4 Rf6 24. Rae1 Kg7 25. Rxf6 Qxf6 26. Re6 Qf7 27. h5 Re8 28. Rd6 Ne7 29. Rd7 b5 30. Ra7 Rf8 31. f4 Qf6 32. hxg6 hxg6 33. Bxg6 Qxg6 34. Rxe7+ Rf7 35. Rxf7+ Kxf7 36. Qd7+ Kf8 37. Qc8+ Kg7 38. Kg2 Qe4+ 39. Kh2 Qc2+ 40. Kh3 Qh7+ 41. Kg2 1/2-1/2

[Event "Ruhrgebiet Regionalliga 1314"]
[Site "Ruhrgebiet"]
[Date "2014.03.23"]
[Round "8.7"]
[White "Goralski, Christian"]
[Black "Wiese, Thomas"]
[Result "1/2-1/2"]
[WhiteElo "2074"]
[BlackElo "1917"]
[PlyCount "126"]
[EventDate "2013.09.22"]
[EventType "team-tourn"]
[EventRounds "9"]
[EventCountry "GER"]
[SourceTitle "EXT 2024"]
[Source "ChessBase"]
[SourceDate "2023.10.10"]
[SourceVersion "1"]
[SourceVersionDate "2023.10.10"]
[SourceQuality "1"]
[WhiteTeam "Bochum II"]
[BlackTeam "Kamen"]
[WhiteTeamCountry "GER"]
[BlackTeamCountry "GER"]

1. e4 d5 2. exd5 Qxd5 3. Nc3 Qd8 4. d4 Nf6 5. Bc4 a6 6. Nf3 b5 7. Bb3 c5 8. dxc5 Qxd1+ 9. Nxd1 Bb7 10. a4 b4 11. Be3 e6 12. Ne5 Nfd7 13. Nc4 Bxc5 14. Bxc5 Nxc5 15. Nd6+ Ke7 16. Nxb7 Nxb7 17. Ne3 Na5 18. Ba2 Rc8 19. 0-0 Nd7 20. Rae1 Kf8 21. f4 Rc5 22. f5 e5 23. Rd1 Nf6 24. g4 Rb8 25. g5 Ne8 26. Rd7 Rc7 27. Rd2 b3 28. cxb3 Nxb3 29. Rd5 Nd4 30. Rxe5 Rxb2 31. Bc4 Nc2 32. Bxa6 Nxe3 33. Rxe3 Rcc2 34. Rg3 Nc7 35. Bd3 Rxh2 36. f6 Rhd2 37. Rc1 Ne8 38. Rc8 Rd1+ 39. Bf1 gxf6 40. Re3 fxg5 41. Rcxe8+ Kg7 42. a5 Rbb1 43. Rf3 g4 44. Rf2 h5 45. Re7 h4 46. Rexf7+ Kg6 47. R7f6+ Kg7 48. R6f4 g3 49. Rg4+ Kh6 50. Rf5 h3 51. Rxg3 h2+ 52. Kxh2 Rxf1 53. Rxf1 Rxf1 54. Ra3 Rf7 55. a6 Ra7 56. Kg3 Kg5 57. Ra5+ Kf6 58. Kf4 Ke6 59. Ke4 Kd6 60. Rh5 Kc6 61. Kd4 Rxa6 62. Rh6+ Kb5 63. Rxa6 Kxa6 1/2-1/2

[Event "Ruhrgebiet Regionalliga 1314"]
[Site "Ruhrgebiet"]
[Date "2013.12.01"]
[Round "4.7"]
[White "Kreitling, Oliver"]
[Black "Wiese, Thomas"]
[Result "0-1"]
[WhiteElo "1845"]
[BlackElo "1917"]
[PlyCount "84"]
[EventDate "2013.09.22"]
[EventType "team-tourn"]
[EventRounds "9"]
[EventCountry "GER"]
[SourceTitle "EXT 2024"]
[Source "ChessBase"]
[SourceDate "2023.10.10"]
[SourceVersion "1"]
[SourceVersionDate "2023.10.10"]
[SourceQuality "1"]
[WhiteTeam "Buer"]
[BlackTeam "Kamen"]
[WhiteTeamCountry "GER"]
[BlackTeamCountry "GER"]

1. Nf3 Nf6 2. g3 g6 3. c4 c6 4. d4 d5 5. cxd5 cxd5 6. Bg2 Bg7 7. 0-0 Nc6 8. Nc3 Ne4 9. e3 Nxc3 10. bxc3 0-0 11. Ba3 Na5 12. Nd2 Re8 13. Qf3 Be6 14. Rab1 Bf5 15. Rb5 e6 16. Qe2 a6 17. Rb2 g5 18. f4 gxf4 19. exf4 b5 20. Rf2 Rc8 21. Bb4 Nb7 22. Nb3 a5 23. Bc5 Qd7 24. g4 Bg6 25. Qe3 a4 26. Nc1 Nxc5 27. dxc5 d4 28. Rfd2 dxe3 29. Rxd7 Rxc5 30. Ne2 Bxc3 31. Nxc3 Rxc3 32. h4 h6 33. Bf1 Rb8 34. h5 Be4 35. Rd4 Bf3 36. g5 Rc1 37. Rd3 Re1 38. Rh2 Rc8 39. Rh3 Rcc1 40. Rxf3 e2 41. Rd8+ Kg7 42. gxh6+ Kxh6 0-1

[Event "Unna op"]
[Site "Unna"]
[Date "2012.12.28"]
[Round "3"]
[White "Naundorf, Maik"]
[Black "Wiese, Thomas"]
[Result "1-0"]
[WhiteElo "2129"]
[BlackElo "1749"]
[PlyCount "39"]
[EventDate "2012.12.27"]
[EventType "swiss"]
[EventRounds "7"]
[EventCountry "GER"]
[SourceTitle "CBM 152 Extra"]
[Source "ChessBase"]
[SourceDate "2013.02.25"]
[SourceVersion "1"]
[SourceVersionDate "2013.02.25"]
[SourceQuality "1"]

1. d4 d5 2. c4 Nc6 3. Nf3 Bg4 4. Nc3 Nf6 5. cxd5 Bxf3 6. gxf3 Nxd5 7. e4 Nxc3 8. bxc3 e6 9. Rb1 Bd6 10. Rxb7 0-0 11. Qa4 Ne7 12. e5 Bxe5 13. dxe5 Qd5 14. Qe4 Qxa2 15. Bd3 Nf5 16. 0-0 c5 17. Qc4 Qa5 18. Rb5 Qd8 19. Bxf5 exf5 20. Rxc5 1-0

[Event "Ruhrgebiet Regionalliga 0304"]
[Site "Ruhrgebiet"]
[Date "2004.04.04"]
[Round "8.8"]
[White "Steinle, Carsten"]
[Black "Wiese, Thomas"]
[Result "1-0"]
[WhiteElo "2004"]
[BlackElo "1832"]
[PlyCount "101"]
[EventDate "2003.10.05"]
[EventType "team"]
[EventRounds "9"]
[EventCountry "GER"]
[SourceTitle "EXT 2007"]
[Source "ChessBase"]
[SourceDate "2006.11.23"]
[SourceVersion "1"]
[SourceVersionDate "2006.11.23"]
[SourceQuality "1"]
[WhiteTeam "Ahlen"]
[BlackTeam "Kamen"]
[WhiteTeamCountry "GER"]
[BlackTeamCountry "GER"]

1. Nf3 Nf6 2. g3 b6 3. Bg2 Bb7 4. 0-0 g6 5. d4 c5 6. c4 cxd4 7. Nxd4 Bxg2 8. Kxg2 Bg7 9. Nc3 0-0 10. e4 Qc8 11. Qe2 Qb7 12. Rd1 d6 13. f3 Nbd7 14. Be3 a6 15. Rac1 Rac8 16. b3 Nc5 17. g4 Ne8 18. b4 Ne6 19. Nxe6 fxe6 20. Na4 d5 21. exd5 exd5 22. Nxb6 d4 23. Nxc8 dxe3 24. Qxe3 Qxc8 25. Qxe7 Nf6 26. g5 Nh5 27. Qd7 Qb8 28. Qd6 Qc8 29. Qd7 Qb8 30. a3 Qf4 31. Qg4 Qe3 32. Re1 Qxa3 33. Rb1 Nf4+ 34. Kh1 Nd3 35. Re2 Nf4 36. Re4 Qa2 37. Rf1 Qd2 38. b5 axb5 39. cxb5 Qd3 40. Rfe1 Nh5 41. Re8 Qxb5 42. Qe6+ Kh8 43. Qf7 Qb4 44. Rxf8+ Bxf8 45. Re8 Qb1+ 46. Kg2 Qc2+ 47. Kh3 Qf5+ 48. Qxf5 gxf5 49. Rxf8+ Kg7 50. Rxf5 Kg6 51. Ra5 1-0